|
|
|
|
| LEADER |
00729pam a22002418a 4500 |
| 001 |
00039382 |
| 005 |
20171026081025.0 |
| 008 |
170518s1970 ||||||Engsd |
| 041 |
0 |
# |
|a Eng
|
| 082 |
1 |
4 |
|a 539
|b A109M
|
| 100 |
1 |
# |
|a Pople, John A.
|
| 245 |
1 |
0 |
|c John A. Pople, David L. Beveridge
|a Approximate molecular orbital theory
|
| 260 |
# |
# |
|c 1970
|a McGraw Hill Book
|b New York
|
| 300 |
# |
# |
|a 212 tr.
|c 24 cm
|
| 653 |
# |
# |
|a theory
|a Approximate
|
| 700 |
1 |
# |
|a David L. Beveridge
|
| 852 |
# |
# |
|b Kho mượn
|j KM.0021956
|
| 852 |
# |
# |
|b Kho đọc
|j KD.0020908
|
| 852 |
# |
# |
|j KD.0020908
|j KM.0021956
|
| 910 |
|
|
|d 18/05/2017
|
| 980 |
# |
# |
|a Trung tâm Học liệu Lê Vũ Hùng, Trường Đại học Đồng Tháp
|